| 000 | 00360 a2200157 4500 | ||
|---|---|---|---|
| 001 | 71167 | ||
| 020 | _a8516022501 | ||
| 040 | _cAnchieta - Colégio São Paulo | ||
| 100 | _aStrausz, Rosa Amanda | ||
| 240 | 1 | 0 |
_aSalsicha quer falar _lpor |
| 245 | 1 | 0 | _aSalsicha quer falar |
| 300 | _a28[2p] | ||
| 362 | 0 | _a1999 | |
| 650 | 4 | _aLiteratura infantil | |
| 942 | _cBK | ||
| 999 |
_c71167 _d71167 |
||